[Event "Ceske Budejovice op-A"]
[Site "Ceske Budejovice"]
[Date "2022.07.09"]
[Round "9"]
[White "Nagyova, Daniela"]
[Black "Hammel, Juergen"]
[Result "1-0"]
[WhiteElo "1712"]
[BlackElo "1650"]
[PlyCount "83"]
[EventDate "2022.07.01"]
[EventType "swiss"]
[EventRounds "9"]
[EventCountry "CZE"]
[SourceTitle "CBM 209 Extra"]
[Source "ChessBase"]
[SourceDate "2022.09.30"]
[SourceVersion "1"]
[SourceVersionDate "2022.09.30"]
[SourceQuality "1"]

1. e4 e5 2. Nf3 Nc6 3. Bc4 d6 4. a4 Bg4 5. d3 Nf6 6. c3 Na5 7. Ba2 c5 8. h3 Be6 9. Bg5 Be7 10. Nbd2 Qd7 11. Nf1 h6 12. Bxf6 Bxf6 13. Ne3 Bxa2 14. Rxa2 0-0 15. 0-0 Nc6 16. Nd5 Bd8 17. Ne3 Ne7 18. d4 cxd4 19. cxd4 exd4 20. Nxd4 Bb6 21. Ndf5 Bxe3 22. Nxe3 Rac8 23. b3 Rfe8 24. Rd2 Qe6 25. Nc4 Rc6 26. Nxd6 Rd8 27. Nxb7 Rxd2 28. Qxd2 Ng6 29. Qe3 Qc8 30. Na5 Rc3 31. Qxa7 Nf4 32. f3 Qd8 33. Rf2 Qg5 34. Kh2 Qe5 35. Nc4 Qf6 36. e5 Qg5 37. Qa8+ Kh7 38. Qe4+ g6 39. Ne3 Nh5 40. Ng4 Kg7 41. e6 Re3 42. Qxe3 1-0